000
00264nam a22001217a 4500
008
170525b xxu||||| |||| 00| 0 eng d
041
_a
ger
080
_a
62
100
_a
26
101
_a
FICH
245
_a
INFORMATIONS SPEICHERUNG
_c
FICHTNER,N
942
_2
udc
_c
BK
999
_c
14219
_d
14219